[Event "Women's Speed Chess Q7"]
[Site "chess.com INT"]
[Date "2021.06.06"]
[Round "3"]
[White "Nandhidhaa, P V"]
[Black "Tania, Sachdev"]
[Result "0-1"]
[WhiteTitle "WGM"]
[BlackTitle "IM"]
[WhiteElo "2365"]
[BlackElo "2392"]
[WhiteFideId "5050847"]
[BlackFideId "5007844"]
[EventDate "2021.06.06"]

1. e4 c5 2. Nf3 e6 3. d4 cxd4 4. Nxd4 a6 5. Bd3 Nf6 6. O-O d6 7. Qe2 Be7 8. c4
O-O 9. Nc3 b6 10. b3 Bb7 11. Bb2 Nc6 12. Nxc6 Bxc6 13. Rfd1 Qc7 14. Rac1 Qb7 15.
f3 b5 16. g4 b4 17. Nb1 Nd7 18. Kg2 a5 19. Nd2 a4 20. Nf1 axb3 21. axb3 Ra2 22.
Rc2 Rfa8 23. Ne3 Nc5 24. Kh1 Nxb3 25. Ng2 e5 26. Ne3 Bf8 27. Nd5 Nc5 28. Rcd2
Ba4 29. Rg1 Nb3 30. Rdd1 Nd4 31. Qf2 Bxd1 32. Rxd1 Nb3 33. Rg1 Nc5 34. Bb1 R2a7
35. g5 Kh8 36. Qh4 Be7 37. Rg3 h6 38. Rh3 Bxg5 39. Qxg5 Ne6 40. Rxh6+ Kg8 41.
Nf6+ Kf8 42. Rh8+ Ke7 43. Nd5+ Kd7 44. Qe7+ Kc6 45. Qxb7+ Kxb7 46. Rxa8 Rxa8 47.
Nxb4 Nc5 48. Nd5 Kc6 49. Kg2 Rb8 50. Ne7+ Kd7 51. Bxe5 dxe5 52. Nf5 Rb2+ 0-1

[Event "Women's Speed Chess Q7"]
[Site "chess.com INT"]
[Date "2021.06.06"]
[Round "3"]
[White "Kazarian, Anna-Maja"]
[Black "Voit, Daria"]
[Result "1/2-1/2"]
[WhiteTitle "FM"]
[BlackTitle "WGM"]
[WhiteElo "2096"]
[BlackElo "2354"]
[WhiteFideId "1033689"]
[BlackFideId "4182146"]
[EventDate "2021.06.06"]

1. e4 c6 2. d4 d5 3. Nc3 dxe4 4. Nxe4 Nf6 5. Nxf6+ exf6 6. c3 Bd6 7. Bd3 O-O 8.
Ne2 Re8 9. O-O Bg4 10. f3 Bh5 11. Nf4 Bg6 12. Bxg6 hxg6 13. Qb3 Qb6 14. Bd2 Nd7
15. Rfe1 g5 16. Nd3 Nf8 17. g3 Ne6 18. Kg2 Nc7 19. Rxe8+ Rxe8 20. Re1 Rxe1 21.
Bxe1 Nd5 22. Bf2 Qa6 23. Nc1 Nb6 24. Qc2 Qc4 25. b3 Qe6 26. c4 Bc7 27. Nd3 Nd7
28. Qd2 Qe7 29. Qe3 Qxe3 30. Bxe3 Kf8 31. d5 cxd5 32. cxd5 b6 33. Nb4 Nb8 34. a4
Ke7 35. Bd2 Kd6 36. Bc3 a5 37. Nc2 Kxd5 38. Kf2 Nc6 39. Ke3 Be5 40. Bd2 Nd4 41.
Nxd4 Bxd4+ 42. Kd3 Bg1 43. h3 Bf2 44. g4 Bc5 45. Bc3 Bd6 46. Bd4 Bc5 47. Bc3 Ke6
48. Ke4 g6 49. Bd2 f5+ 50. Kd3 f6 51. Bc3 fxg4 52. hxg4 f5 53. Bd2 Kf6 54. Kc4
fxg4 55. fxg4 Bf2 56. Kd5 Bg1 57. Ke4 Bf2 58. Bc3+ Ke6 59. Bd2 Kf6 60. Bc3+ Ke6
61. Bd2 Kf6 1/2-1/2

[Event "Women's Speed Chess Q7"]
[Site "chess.com INT"]
[Date "2021.06.06"]
[Round "3"]
[White "Zhuravleva, Olga"]
[Black "Tokhirjonova, Gulrukhbegim"]
[Result "1-0"]
[WhiteTitle "WIM"]
[BlackTitle "WGM"]
[WhiteElo "2278"]
[BlackElo "2344"]
[WhiteFideId "4145933"]
[BlackFideId "14203626"]
[EventDate "2021.06.06"]

1. e4 e5 2. Nf3 Nc6 3. Bc4 Bc5 4. b4 Bxb4 5. c3 Ba5 6. O-O Bb6 7. d4 d6 8. h3 h6
9. Re1 Nf6 10. Ba3 Qe7 11. Bb5 O-O 12. Bxc6 bxc6 13. Nxe5 Bb7 14. Nf3 Nxe4 15.
Nbd2 f5 16. Qb3+ Kh7 17. Nc4 Rae8 18. Nxb6 axb6 19. Bb2 d5 20. Qc2 Qf6 21. Ne5
b5 22. f3 Nd6 23. Qf2 Nc4 24. Nd3 Bc8 25. Rad1 f4 26. Bc1 g5 27. Rxe8 Rxe8 28.
Re1 Re7 29. Rxe7+ Qxe7 30. Nc5 Bf5 31. Kh2 h5 32. a4 bxa4 33. Nxa4 Kg6 34. Nc5
Nd6 35. h4 Nb5 36. hxg5 Qxg5 37. Bd2 Na3 38. Qe1 Nc4 39. Qe8+ Kh6 40. Qh8+ Kg6
41. Qg8+ Kf6 42. Qf8+ Kg6 43. Qg8+ Kh6 44. Qh8+ Bh7 45. Qf8+ Kg6 46. Qe8+ Kg7
47. Qd7+ Kg8 48. Qc8+ Kg7 49. Qxc7+ Kh8 50. Qc8+ Qg8 51. Qxg8+ Kxg8 52. Bxf4 Kf7
53. Kg3 Nb2 54. Kh4 Nd1 55. Bd2 Bg6 56. Kg5 Nf2 57. Nd7 Bd3 58. Ne5+ Ke6 59.
Kxh5 Bf1 60. g4 Kd6 61. g5 Be2 62. g6 Ke6 63. g7 Nd3 64. g8=Q+ Kd6 65. Qd8+ Ke6
66. Qd7+ Kf6 67. Qf7# 1-0

[Event "Women's Speed Chess Q7"]
[Site "chess.com INT"]
[Date "2021.06.06"]
[Round "3"]
[White "Morris-Suzuki, Sophie"]
[Black "Corrales Jimenez, Zenia"]
[Result "0-1"]
[WhiteTitle "WFM"]
[BlackTitle "WIM"]
[WhiteElo "2043"]
[BlackElo "2189"]
[WhiteFideId "30922615"]
[BlackFideId "3506355"]
[EventDate "2021.06.06"]

1. e4 c5 2. Nc3 Nc6 3. Bb5 d6 4. d4 cxd4 5. Qxd4 Bd7 6. Bxc6 Bxc6 7. Nf3 Nf6 8.
Bg5 e6 9. O-O-O Be7 10. Kb1 O-O 11. Rhe1 h6 12. Bh4 a6 13. Qe3 Qa5 14. Nd4 Rac8
15. f3 Rfd8 16. g4 Nxg4 17. fxg4 Bxh4 18. Rg1 Bg5 19. Qg3 Bf6 20. h4 Bxd4 21.
Rxd4 Bb5 22. g5 h5 23. g6 f6 24. Qf3 Bc4 25. Rgd1 Rc6 26. a3 Qe5 27. Ne2 Bxe2
28. Qxe2 b5 29. Qd2 Rdc8 30. c3 Rd8 31. Qe2 Kf8 32. Rf1 Ke7 33. Rfd1 a5 34. Qd3
Rc5 35. Rd2 Qf4 36. Qe2 Qxh4 37. Qf3 Qg5 38. e5 Rxe5 39. Qb7+ Rd7 40. Qb8 Re1+
41. Ka2 Qxg6 42. Qxb5 Qb1+ 43. Kb3 Qf5 44. Qxf5 exf5 45. Kc2 g5 46. Rd5 Re5 47.
c4 Rxd5 48. Rxd5 Ke6 49. Rxa5 h4 50. Ra8 h3 51. Rh8 g4 52. b4 f4 53. Rh4 Kf5 54.
Rh5+ Kg6 55. Rh4 Kg5 56. Rh8 f3 57. Kd3 Kf4 58. Rg8 Kg3 59. Ke3 h2 60. Rh8 Kg2
61. Kf4 h1=Q 62. Rxh1 Kxh1 63. Kxg4 f2 64. Kf5 f1=Q+ 65. Ke6 Ra7 66. Kxd6 Qd3+
67. Kc5 Rc7+ 68. Kb6 Qxc4 69. b5 Qc5+ 70. Ka6 Ra7# 0-1

[Event "Women's Speed Chess Q7"]
[Site "chess.com INT"]
[Date "2021.06.06"]
[Round "3"]
[White "Komiagina, Maria"]
[Black "Dauletova, Gulmira"]
[Result "1-0"]
[WhiteTitle "WIM"]
[BlackTitle "WGM"]
[WhiteElo "2241"]
[BlackElo "2257"]
[WhiteFideId "4153987"]
[BlackFideId "13702971"]
[EventDate "2021.06.06"]

1. d4 Nf6 2. Nf3 e6 3. Nc3 d6 4. e4 Nbd7 5. Bd3 e5 6. h3 Be7 7. O-O c6 8. Re1
O-O 9. a4 Re8 10. dxe5 dxe5 11. Be3 Bc5 12. Qe2 a5 13. Rad1 Qb6 14. Bxc5 Nxc5
15. b3 Nxd3 16. Rxd3 Nd7 17. Red1 Nc5 18. Qe3 f6 19. Nd2 Be6 20. Rd6 Qa7 21. Nf3
Bf7 22. Kh2 b6 23. Rxc6 Rad8 24. Rcd6 Rxd6 25. Rxd6 Qb7 26. Nb5 Nxe4 27. Rd1 Nc5
28. Nd6 Qe7 29. Nxe8 Bxe8 30. Nd4 h6 31. Nf5 Qe6 32. Ng3 f5 33. f4 e4 34. Ne2
Bf7 35. Nd4 Qg6 36. g4 fxg4 37. Rg1 h5 38. hxg4 hxg4 39. f5 Qh5+ 40. Kg2 Bd5 41.
Rh1 Qe8 42. Kf2 Qe5 43. Ke2 g3 44. Ne6 g2 45. Rg1 Qxf5 46. Nd4 Qg4+ 47. Ke1 Qh4+
48. Kd2 Qg4 49. Ne2 Qf3 50. Qd4 Bf7 51. Qd8+ Kh7 52. Qh4+ Bh5 53. Ng3 Qf2+ 54.
Kc3 1-0

[Event "Women's Speed Chess Q7"]
[Site "chess.com INT"]
[Date "2021.06.06"]
[Round "3"]
[White "Kanyamarala, Trisha"]
[Black "Bommini, Mounika Akshaya"]
[Result "0-1"]
[WhiteTitle "WIM"]
[BlackTitle "WFM"]
[WhiteElo "2180"]
[BlackElo "2029"]
[WhiteFideId "45004722"]
[BlackFideId "25019872"]
[EventDate "2021.06.06"]

1. d4 f5 2. Nf3 Nf6 3. g3 e6 4. Bg2 d5 5. O-O c6 6. b3 Bd6 7. Bb2 O-O 8. Nbd2
Ne4 9. Ne5 Nd7 10. f3 Nxd2 11. Qxd2 g5 12. c4 Qf6 13. e4 Nxe5 14. dxe5 Bxe5 15.
Bxe5 Qxe5 16. Qxg5+ Kh8 17. exd5 exd5 18. cxd5 Qxd5 19. Rad1 Qf7 20. Rfe1 Be6
21. Qf4 Bd5 22. Qe5+ Qg7 23. Qd6 Rad8 24. Qb4 Rfe8 25. Rxe8+ Rxe8 26. Re1 Rxe1+
27. Qxe1 Qd4+ 28. Kh1 Qf6 29. Qe8+ Kg7 30. Qe1 Qe6 31. Qc3+ Kf7 32. Qd2 Qe5 33.
Qf2 Qa1+ 34. Qg1 Qxa2 35. Qd1 Qxb3 36. Qc1 Qc4 37. Qd1 a5 38. h3 Qb3 39. Qf1 Bc4
40. Qf2 Qb1+ 41. Kh2 a4 42. Qd4 Qd3 43. Qc5 a3 44. Qb6 Qd7 45. Qb4 Qd3 46. Qxb7+
Kg6 47. Qxc6+ Kg7 48. Qc7+ Bf7 49. Qa7 Qb3 50. f4 a2 51. Qd4+ Kg8 52. Qd8+ Kg7
53. Qd4+ Kg6 54. Qd6+ Qe6 55. Qd4 Qf6 0-1

[Event "Women's Speed Chess Q7"]
[Site "chess.com INT"]
[Date "2021.06.06"]
[Round "3"]
[White "Berend, Elvira"]
[Black "Zawadzka, Jolanta"]
[Result "0-1"]
[WhiteTitle "WGM"]
[BlackTitle "WGM"]
[WhiteElo "2326"]
[BlackElo "2403"]
[WhiteFideId "4000510"]
[BlackFideId "1122320"]
[EventDate "2021.06.06"]

1. e4 c5 2. Nf3 Nc6 3. d4 cxd4 4. Nxd4 Nf6 5. Nc3 d6 6. Bg5 e6 7. Qd2 Be7 8.
O-O-O O-O 9. f4 Nxd4 10. Qxd4 Qa5 11. e5 dxe5 12. Qxe5 Qxe5 13. fxe5 Nd5 14.
Bxe7 Nxe7 15. Bb5 b6 16. Ne4 Nf5 17. Nd6 Nxd6 18. exd6 Bb7 19. d7 Rfd8 20. Rhg1
a6 21. Be2 Bd5 22. c4 Bc6 23. Rd6 Be4 24. Rgd1 b5 25. c5 Kf8 26. c6 Ra7 27. Bf3
Bxf3 28. gxf3 Rc7 29. b4 Ke7 30. Kb2 g5 31. Kc3 h5 32. a4 g4 33. f4 h4 34. axb5
axb5 35. R1d2 g3 36. hxg3 hxg3 37. R6d3 Rxc6+ 38. Kb3 g2 39. Rxg2 Rxd7 40. Rf3
Rc4 41. f5 Rdd4 42. fxe6 fxe6 43. Rg7+ Kd6 44. Rff7 Rxb4+ 45. Kc3 Rbc4+ 46. Kb3
Rd3+ 47. Kb2 Kc5 48. Rc7+ Kb4 49. Rxc4+ bxc4 50. Kc2 Rh3 51. Rb7+ Kc5 52. Rc7+
Kd4 53. Rd7+ Kc5 54. Rc7+ Kd5 55. Rc8 e5 56. Rd8+ Ke4 57. Rc8 Rh2+ 58. Kc3 Ke3
59. Rxc4 Rh1 60. Ra4 e4 61. Ra8 Rc1+ 62. Kb2 Rc7 63. Rh8 Kd2 64. Rh2+ Kd3 65.
Rh6 e3 66. Rd6+ Ke2 67. Rh6 Kd2 68. Rd6+ Ke1 69. Re6 e2 70. Kb1 Rc4 71. Kb2 Kd2
72. Rd6+ Ke3 73. Re6+ Re4 74. Rxe4+ Kxe4 0-1

[Event "Women's Speed Chess Q7"]
[Site "chess.com INT"]
[Date "2021.06.06"]
[Round "3"]
[White "Doluhanova, Evgeniya"]
[Black "Golubenko, Valentina"]
[Result "1/2-1/2"]
[WhiteTitle "WGM"]
[BlackTitle "WGM"]
[WhiteElo "2192"]
[BlackElo "2209"]
[WhiteFideId "14112035"]
[BlackFideId "4501993"]
[EventDate "2021.06.06"]

1. e4 e6 2. d4 d5 3. Bd3 c5 4. exd5 exd5 5. dxc5 Bxc5 6. Ne2 Nf6 7. Nbc3 O-O 8.
a3 h6 9. Bf4 Nc6 10. O-O a6 11. Re1 Re8 12. Qd2 d4 13. Na4 Bd6 14. b4 Nd5 15.
Bxd6 Qxd6 16. Bc4 Be6 17. Nxd4 Ne5 18. Bxd5 Bxd5 19. Nf5 Qc6 20. Ne3 Bxg2 21.
Qc3 Nf3+ 22. Kxg2 Nxe1+ 23. Kf1 Qxc3 24. Nxc3 Nf3 25. Ncd5 Nd4 26. Nc7 Rac8 27.
Nxe8 Rxe8 28. Rd1 Nf3 29. Rd7 b5 30. Kg2 Ne5 31. Ra7 Re6 32. Ra8+ Kh7 33. f4 Ng6
34. Kf3 Nh4+ 35. Kf2 g6 36. Ra7 Kg7 37. c4 bxc4 38. Nxc4 Re4 39. Ne5 Rxf4+ 40.
Kg3 g5 41. Rxa6 Nf5+ 42. Kg2 Re4 43. Nf3 Re2+ 44. Kf1 Ra2 45. Ne5 Ne3+ 46. Ke1
f6 47. Ra7+ Kg8 48. Ra8+ Kg7 49. Ra7+ Kf8 50. Nd7+ Ke8 51. Nxf6+ Kd8 52. Ne4
Nc2+ 53. Kd1 Rxa3 54. Rxa3 Nxa3 55. Ke2 Nb5 56. Kf3 Ke7 57. Kg4 Kf7 58. Kh5 Kg7
59. Ng3 Nd4 60. Kg4 Kg6 61. h4 gxh4 62. Kxh4 Kf6 63. Ne4+ Ke5 64. Nc3 Kd6 65.
Kh5 Kc6 66. Kxh6 Nb5 67. Ne4 Nd4 68. Nf6 Kb5 69. Nd5 Kc4 70. Nc7 Kxb4 1/2-1/2

[Event "Women's Speed Chess Q7"]
[Site "chess.com INT"]
[Date "2021.06.06"]
[Round "3"]
[White "Padmini, Rout"]
[Black "Belenkaya, Dina"]
[Result "0-1"]
[WhiteTitle "IM"]
[BlackTitle "WGM"]
[WhiteElo "2370"]
[BlackElo "2341"]
[WhiteFideId "5029295"]
[BlackFideId "24142654"]
[EventDate "2021.06.06"]

1. e4 d5 2. exd5 Qxd5 3. Nc3 Qa5 4. d4 Bf5 5. Nf3 Nf6 6. Bc4 c6 7. Ne5 e6 8. O-O
Nbd7 9. Qe2 Be7 10. Bb3 O-O 11. Bf4 Rfe8 12. Rad1 h6 13. h3 Qd8 14. g4 Bh7 15.
Nxf7 Qc8 16. Qxe6 Nf8 17. Nxh6+ Kh8 18. Nf7+ Kg8 19. Qxc8 Raxc8 20. Nd6+ Kh8 21.
Nxc8 Rxc8 22. Rfe1 Bd8 23. Bd6 Bb6 24. Na4 Ba5 25. c3 b5 26. Nc5 Bb6 27. Re7 Ng6
28. Rb7 Nh4 29. Bg3 Nf3+ 30. Kg2 Ng5 31. f4 Nge4 32. g5 Nh5 33. Bh2 Rf8 34. Re1
Nxc5 35. dxc5 Bxc5 36. f5 Bxf5 37. Rb8 Rxb8 38. Bxb8 Kh7 39. Re8 Bg6 40. h4 Bxe8
41. Be6 g6 42. Kf3 Ng7 43. Bg4 Nf5 44. h5 Nh4+ 45. Kg3 Nf5+ 46. Kf4 Bd6+ 47.
Bxd6 Nxd6 48. Ke5 gxh5 49. Be6 Nf7+ 50. Kf6 Nh8 51. Ke7 Bg6 52. Bd7 Be4 53. Kf6
Ng6 54. Be8 Nf4 55. Bd7 Bd5 56. Bf5+ Kg8 57. g6 h4 58. g7 h3 59. Kg5 h2 60. Kxf4
h1=Q 61. Ke5 Qe1+ 62. Kf6 Qe8 0-1

[Event "Women's Speed Chess Q7"]
[Site "chess.com INT"]
[Date "2021.06.06"]
[Round "3"]
[White "Purtseladze, Maka"]
[Black "Shuvalova, Polina"]
[Result "0-1"]
[WhiteTitle "IM"]
[BlackTitle "IM"]
[WhiteElo "2274"]
[BlackElo "2489"]
[WhiteFideId "13602659"]
[BlackFideId "24171760"]
[EventDate "2021.06.06"]

1. b3 Nf6 2. Bb2 e6 3. Nf3 d5 4. e3 Be7 5. Ne5 O-O 6. f4 Nbd7 7. d4 c5 8. Bd3 b6
9. Nd2 Bb7 10. Qf3 a5 11. a4 Qc7 12. Qh3 Ba6 13. O-O Bxd3 14. cxd3 cxd4 15. Bxd4
Nc5 16. Rab1 Rac8 17. Ndf3 Nfd7 18. Nxd7 Nxd7 19. Qg4 Bf6 20. Bxf6 Nxf6 21. Qh4
Qc2 22. Ne5 Qe2 23. Rfe1 Qd2 24. Qf2 Qxf2+ 25. Kxf2 Rc2+ 26. Re2 Rfc8 27. Re1
R2c7 28. Rb1 Ne8 29. b4 f6 30. Nf3 Nd6 31. Nd4 Kf7 32. bxa5 bxa5 33. Nb5 Nxb5
34. Rxb5 Ra8 35. Reb2 Ke7 36. Rb8 Rxb8 37. Rxb8 Rc2+ 38. Kf3 Ra2 39. Rb7+ Kf8
40. Rb8+ Kf7 41. Rb7+ Kg6 42. h4 Rxa4 43. g4 h5 44. gxh5+ Kh6 45. Re7 Ra3 46. d4
a4 47. Rxe6 Ra2 48. Ra6 Kxh5 49. Ra5 Kxh4 50. Rxd5 a3 51. f5 Rh2 52. Ra5 a2 53.
Ke4 Kg4 54. Ra7 Kh5 55. Kd5 Kg5 56. e4 Kf4 57. e5 fxe5 58. dxe5 Rd2+ 59. Ke6 Re2
60. Ra5 Rxe5+ 61. Rxe5 a1=Q 62. Rd5 Qa2 63. Kd6 Ke4 64. Re5+ Kf4 65. Rc5 Qa6+
66. Kd5 Qd3+ 67. Kc6 Qxf5 68. Rc4+ Qe4+ 69. Rxe4+ Kxe4 0-1

[Event "Women's Speed Chess Q7"]
[Site "chess.com INT"]
[Date "2021.06.06"]
[Round "3"]
[White "Ambartsumova, Karina"]
[Black "Hajiyeva, Laman"]
[Result "1-0"]
[WhiteTitle "IM"]
[BlackTitle "WFM"]
[WhiteElo "2382"]
[BlackElo "1982"]
[WhiteFideId "4166299"]
[BlackFideId "13415875"]
[EventDate "2021.06.06"]

1. c4 e5 2. Nc3 Nf6 3. Nf3 Nc6 4. a3 e4 5. Ng5 h6 6. Ngxe4 Nxe4 7. Nxe4 Be7 8.
Nc3 O-O 9. g3 Bf6 10. Bg2 Re8 11. O-O Nd4 12. e3 Ne6 13. d4 c6 14. Ne4 Be7 15.
d5 cxd5 16. cxd5 Nc5 17. Nc3 d6 18. b4 Nd7 19. Bb2 Bf6 20. Rc1 Nb6 21. Qb3 Bd7
22. Ne4 Bxb2 23. Qxb2 Qe7 24. Rfd1 Rac8 25. Qd4 Bf5 26. Nd2 Rxc1 27. Rxc1 Rc8
28. Rxc8+ Bxc8 29. Qc3 Qd7 30. Nb3 Na4 31. Qc2 b6 32. Nd4 Ba6 33. Nc6 Bb5 34. h3
Qe8 35. Kh2 a5 36. bxa5 bxa5 37. Nxa5 Bd7 38. Nc6 Nc5 39. a4 Qc8 40. a5 h5 41.
h4 Qa6 42. Qd2 Qb5 43. Qa2 Na6 44. Nd4 Qb7 45. Qc4 Nc5 46. Nc6 Qa8 47. Qf4 Bxc6
48. dxc6 Qxa5 49. Qxd6 Ne6 50. Qb8+ Kh7 51. Qb1+ g6 52. Qc2 Qc7 53. Qe4 Qd6 54.
Qd5 Qc7 55. Qd7 Qxd7 56. cxd7 Kg7 57. Bc6 Nd8 58. Bb5 Kf8 59. Kg2 Ke7 60. Kf3
Ne6 61. Ba4 Nc5 62. Bb5 Nxd7 63. Bxd7 Kxd7 64. Kf4 Ke6 65. Kg5 Ke5 66. f3 Ke6
67. e4 Ke5 68. Kh6 Kf6 69. f4 Ke7 70. Kg7 Ke6 71. e5 Ke7 72. Kg8 Ke6 73. Kf8 f6
74. exf6 Kxf6 75. Kg8 Kf5 76. Kg7 Kg4 77. Kxg6 Kxg3 78. Kxh5 Kxf4 79. Kg6 Ke5
80. h5 1-0

[Event "Women's Speed Chess Q7"]
[Site "chess.com INT"]
[Date "2021.06.06"]
[Round "3"]
[White "Perez Rodriguez, Jennifer"]
[Black "Dordzhieva, Dinara"]
[Result "1-0"]
[WhiteTitle "WIM"]
[BlackTitle "WGM"]
[WhiteElo "2251"]
[BlackElo "2311"]
[WhiteFideId "3507831"]
[BlackFideId "24157570"]
[EventDate "2021.06.06"]

1. e4 c5 2. c3 d5 3. exd5 Qxd5 4. d4 Nf6 5. Nf3 Nc6 6. Be3 cxd4 7. cxd4 e6 8.
Nc3 Qd8 9. Bd3 Be7 10. O-O O-O 11. a3 b6 12. Bc2 Bb7 13. Qd3 g6 14. Rad1 Rc8 15.
Bh6 Re8 16. Rfe1 Na5 17. Ne5 Nc6 18. Bb3 Nxe5 19. dxe5 Qxd3 20. Rxd3 Ng4 21. Bf4
Bf8 22. Rd7 Bc6 23. Rxa7 Red8 24. h3 Nh6 25. Rd1 Nf5 26. Rxd8 Rxd8 27. Rc7 Nd4
28. Bc4 Bc5 29. b4 Bf8 30. b5 Ba8 31. a4 Bc5 32. a5 Nf5 33. a6 Rd4 34. Rc8+ Kg7
35. Rxa8 Rxc4 36. a7 Rxc3 37. Rg8+ Kxg8 38. a8=Q+ Kg7 39. Bg5 Be7 40. Bxe7 Nxe7
41. Qd8 Nd5 42. Qd7 Rc1+ 43. Kh2 Rc2 44. Kg3 Rc3+ 45. f3 Rc2 46. h4 Rc4 47. h5
gxh5 48. Qd6 h4+ 49. Kf2 Rc2+ 50. Kg1 Rc1+ 51. Kh2 Rc2 52. Kh3 Rd2 53. Qc6 Re2
54. Kxh4 Rxe5 55. Kh3 Re2 56. Kh2 Rd2 57. Qd6 h6 58. Qe5+ Kg6 59. Qg3+ Kh7 60.
Qe5 Ra2 61. Qe4+ Kg7 62. Qd4+ Kh7 63. Qc4 Kg7 64. Qxa2 Nf4 65. Qb2+ Kh7 66. Qd4
Nd5 67. Kg3 Kg6 68. Qe5 h5 69. Qd6 Kf5 70. Kh4 Kg6 71. Kg3 Kf5 72. f4 Kg6 73.
Qe5 Kh6 74. Kh4 Kg6 75. Qxh5+ Kf6 76. Qe5+ Ke7 77. g4 Kd7 78. g5 Ke7 79. Kh5 Kf8
80. Kh6 Ke7 81. Kh7 Kf8 82. Qg7+ Ke7 83. Kg8 Nxf4 84. Qxf7+ Kd6 85. Qxf4+ Kc5
86. g6 Kxb5 87. g7 Kc5 88. Kh8 b5 89. g8=Q b4 90. Qxe6 b3 91. Qxb3 Kc6 92. Qfc4+
Kd6 93. Qbd3+ Ke5 94. Qce4+ Kf6 95. Qdf3+ Kg5 96. Qeg4+ Kh6 97. Qfh3# 1-0

[Event "Women's Speed Chess Q7"]
[Site "chess.com INT"]
[Date "2021.06.06"]
[Round "3"]
[White "Vu, Bui Thi Thanh Van"]
[Black "Nguyen, Thi Thanh An"]
[Result "0-1"]
[WhiteTitle "WFM"]
[BlackTitle "WGM"]
[WhiteElo "1750"]
[BlackElo "2259"]
[WhiteFideId "12408921"]
[BlackFideId "12400300"]
[EventDate "2021.06.06"]

1. d4 Nf6 2. Nf3 g6 3. Nbd2 d5 4. e3 Bg7 5. Be2 O-O 6. b4 c6 7. Bb2 a6 8. O-O
Bf5 9. c4 Ne4 10. Qb3 Nxd2 11. Nxd2 Qd6 12. cxd5 cxd5 13. Nf3 Nc6 14. a3 Rfc8
15. Rac1 h5 16. Rfd1 b5 17. Rc5 Bd7 18. Qxd5 Be6 19. Qxd6 exd6 20. Rc2 Bb3 21.
Rdc1 Bxc2 22. Rxc2 Bf8 23. Kf1 Ne7 24. Rd2 Nd5 25. Ne1 Nb6 26. Bf3 Rab8 27. e4
Nc4 28. Re2 Nxb2 29. Rxb2 Rc1 30. Ke2 Rbc8 31. Rd2 Bh6 32. Rb2 R8c3 33. e5 dxe5
34. dxe5 Rxa3 35. Bb7 Rca1 36. Nd3 R1a2 37. Rxa2 Rxa2+ 38. Kf3 Bg7 39. Ke4 a5
40. bxa5 Rxa5 41. Bd5 Ra4+ 42. Ke3 b4 43. f4 Kf8 44. Kd2 Ra3 45. Nxb4 Ra1 46.
Nd3 Rg1 47. Ke3 Bh6 48. Kd4 Rd1 49. Ke3 Ke7 50. h3 f6 51. exf6+ Kxf6 52. Be4 g5
53. fxg5+ Bxg5+ 54. Ke2 Ra1 55. Bf3 h4 56. Be4 Ra2+ 57. Kf3 Ra3 58. Kg4 Rc3 59.
Ne1 Re3 60. Kh5 Rxe4 61. Nf3 Be3 62. Ne1 Bf2 63. Nf3 Bg3 64. Nd2 Re7 65. Kg4
Rg7+ 66. Kf3 Rd7 67. Ne4+ Kf5 68. Nc5 Rd5 69. Nb7 Rd3+ 70. Ke2 Rb3 71. Nc5 Rb5
72. Nd3 Ke4 0-1

[Event "Women's Speed Chess Q7"]
[Site "chess.com INT"]
[Date "2021.06.06"]
[Round "3"]
[White "Kabanova, Ekaterina"]
[Black "Luong, Phuong Hanh"]
[Result "1/2-1/2"]
[WhiteTitle "WFM"]
[BlackTitle "WIM"]
[WhiteElo "2138"]
[BlackElo "2229"]
[WhiteFideId "24112917"]
[BlackFideId "12401013"]
[EventDate "2021.06.06"]

1. c4 Nf6 2. e3 d5 3. a3 g6 4. cxd5 Nxd5 5. Nf3 Bg7 6. Qc2 O-O 7. d3 Nc6 8. Nbd2
e5 9. h3 Be6 10. Be2 f5 11. O-O Qe7 12. Rb1 Rad8 13. Re1 h6 14. b4 a6 15. Bb2
Kh7 16. Rbc1 Qd6 17. Nc4 Qe7 18. Ncxe5 Nxe5 19. Nxe5 Nf6 20. Nf3 c6 21. Qb1 Bd5
22. Qa1 Nh5 23. Bxg7 Nxg7 24. Qc3 Rfe8 25. d4 Nh5 26. Ne5 Nf6 27. Bf3 Bxf3 28.
gxf3 Nd5 29. Qc5 Qh4 30. Kg2 Qg5+ 31. Kh2 Qh4 32. Qc2 Re7 33. Rg1 Rg7 34. Rg3 f4
35. Rg4 Qf6 36. e4 Ne7 37. Qc5 h5 38. Rg2 Qh4 39. Rcg1 Qf6 40. Rg5 Ng8 41. Qc4
Ne7 42. Rd1 Qxg5 43. Rg1 Qh4 44. Rg2 Qf6 45. Qc5 Qd6 46. Qc4 Qxd4 47. Qxd4 Rxd4
48. a4 Rxb4 49. Nd7 Rxa4 50. Nf6+ Kh6 51. h4 Rd4 52. Rg1 Rd2 53. Rb1 Rxf2+ 54.
Kg1 Rxf3 55. Rxb7 Rg3+ 56. Kf2 Rd3 57. Rb6 Rd6 58. Ne8 Re6 59. Nxg7 Kxg7 60.
Rxa6 Kf6 61. Kf3 g5 62. Ra5 g4+ 63. Kxf4 Rxe4+ 64. Kxe4 Nd5 65. Ra6 Ne7 66. Kf4
Nd5+ 67. Kg3 Ne7 68. Rb6 Ke5 69. Rb7 Nf5+ 70. Kg2 Nxh4+ 71. Kh1 Kf4 72. Re7 Kg3
73. Rc7 Nf3 74. Rxc6 h4 75. Rc3 h3 76. Rc2 Kh4 77. Rc4 Nd2 78. Rb4 Nf3 79. Rb3
Nd4 80. Rb4 Nf5 81. Ra4 Ng3+ 82. Kh2 Nf1+ 83. Kg1 Ne3 84. Ra3 Nf5 85. Ra5 Nd4
86. Ra4 Nf3+ 87. Kf2 Kg5 88. Kg3 Ne5 89. Ra5 Kf6 90. Ra6+ Kf5 91. Ra5 Ke4 92.
Ra4+ Ke3 93. Ra3+ Nd3 94. Kh2 Ke2 95. Ra2+ Kf3 96. Ra3 Ke4 97. Ra4+ Kf5 98. Ra5+
Kf4 99. Ra4+ Kg5 100. Kg3 Ne5 101. Ra5 Kf5 102. Rb5 Ke6 103. Rb6+ Kd5 104. Rb5+
Kd4 105. Rb4+ Ke3 106. Rb3+ Ke4 107. Rb4+ Ke3 108. Rb3+ Nd3 109. Ra3 Ke2 110.
Ra2+ Ke3 111. Ra3 Ke2 112. Ra2+ Kf1 113. Ra1+ Ne1 114. Ra2 Nd3 115. Ra1+ Ke2
116. Ra2+ 1/2-1/2

[Event "Women's Speed Chess Q7"]
[Site "chess.com INT"]
[Date "2021.06.06"]
[Round "4"]
[White "Balabayeva, Xeniya"]
[Black "Mendoza, Shania Mae"]
[Result "1-0"]
[WhiteTitle "WFM"]
[BlackTitle "WFM"]
[WhiteElo "2116"]
[BlackElo "2158"]
[WhiteFideId "13719688"]
[BlackFideId "5211158"]
[EventDate "2021.06.06"]

1. e4 e5 2. Nf3 Nc6 3. Nc3 Nf6 4. Bb5 Bb4 5. O-O Bxc3 6. dxc3 O-O 7. Re1 d6 8.
Bg5 h6 9. Bh4 Bd7 10. Bc4 Be6 11. Bb3 a5 12. a4 Bxb3 13. cxb3 Re8 14. h3 Ne7 15.
Bxf6 gxf6 16. Nh4 Kh7 17. Qh5 Rf8 18. Re3 Qe8 19. Rf3 Ng8 20. Nf5 Ne7 21. Qxh6+ 1-0

[Event "Women's Speed Chess Q7"]
[Site "chess.com INT"]
[Date "2021.06.06"]
[Round "4"]
[White "Cyfka, Karina"]
[Black "Perez Rodriguez, Jennifer"]
[Result "1-0"]
[WhiteTitle "IM"]
[BlackTitle "WIM"]
[WhiteElo "2417"]
[BlackElo "2251"]
[WhiteFideId "1122681"]
[BlackFideId "3507831"]
[EventDate "2021.06.06"]

1. d4 Nf6 2. c4 e6 3. Nf3 d5 4. Nc3 Bb4 5. Qa4+ Nc6 6. e3 O-O 7. Bd2 Bd7 8. Qc2
a6 9. Bd3 dxc4 10. Bxc4 b5 11. Bd3 h6 12. O-O Qe7 13. a3 Bd6 14. e4 e5 15. d5
Na7 16. Ne2 Nc8 17. Ng3 g6 18. Bxh6 Re8 19. Bg5 Kg7 20. Qd2 Rh8 21. h3 Nb6 22.
Nh2 Qe8 23. f4 exf4 24. Bxf4 Bxf4 25. Qxf4 Qe5 26. Qxe5 1-0

[Event "Women's Speed Chess Q7"]
[Site "chess.com INT"]
[Date "2021.06.06"]
[Round "4"]
[White "Von Herman, Brigitte"]
[Black "Berend, Elvira"]
[Result "0-1"]
[WhiteTitle "WFM"]
[BlackTitle "WGM"]
[WhiteElo "1991"]
[BlackElo "2326"]
[WhiteFideId "4628730"]
[BlackFideId "4000510"]
[EventDate "2021.06.06"]

1. e4 c5 2. c3 d5 3. exd5 Qxd5 4. d4 Nf6 5. Nf3 cxd4 6. cxd4 Bg4 7. Nc3 Qd8 8.
Bb5+ Bd7 9. Bc4 Be6 10. d5 Bd7 11. O-O g6 12. Re1 Bg7 13. h3 O-O 14. Bg5 b5 15.
Bxb5 Bxb5 16. Nxb5 Nxd5 17. Bxe7 Nxe7 18. Qxd8 Rxd8 19. Rxe7 Nc6 20. Rb1 Nxe7
21. Nc7 Rac8 22. Nb5 a6 23. Nc3 0-1